000
00311nam a2200133Ia 4500
008
210428s9999 xx 000 0 und d
020
_a
0-7106-0893-4
082
_a
660 J 331 J
100
_a
E R Hooton
_9
52182
245
0
_a
Naval Weapon Systems
260
_b
Janes
_a
US
_c
2005
300
_a
741P
942
_c
BK
999
_c
559948
_d
559948